|
|
|
|
| LEADER |
01107nam a22002651 4500 |
| 001 |
42048 |
| 003 |
BD-DhAAL |
| 008 |
230109t1952 maubj 000 0 eng d |
| 010 |
|
|
|a 52009589
|
| 040 |
|
|
|a DLC
|c DLC
|d DLC
|d BD-DhAAL
|
| 050 |
0 |
0 |
|a D21
|b .L27 1952
|
| 082 |
0 |
0 |
|a 902
|
| 100 |
1 |
|
|a Langer, William L.
|q (William Leonard),
|d 1896-1977,
|e ed.
|9 55896
|
| 245 |
1 |
3 |
|a An encyclopedia of world history :
|b ancient, medieval, and modern, chronologically arranged /
|c compiled and edited by William L. Langer.
|
| 250 |
|
|
|a Revised edition.
|
| 260 |
|
|
|a Boston,
|b Houghton Mifflin,
|c 1952.
|
| 300 |
|
|
|a xi, 1243, lxxxix pages :
|b maps, geneal. tables ;
|c 22 cm.
|
| 500 |
|
|
|a "Revised with the assistance of Hans W. Gatzke."
|
| 526 |
|
|
|a BIED
|
| 541 |
|
|
|a Complimentary copy from BIED
|e 42048
|
| 650 |
|
0 |
|a History
|v Outlines, syllabi, etc.
|9 55897
|
| 852 |
|
|
|a Ayesha Abed Library
|c General Stacks
|
| 942 |
|
|
|2 ddc
|c BK
|
| 999 |
|
|
|c 46277
|d 46277
|
| 952 |
|
|
|0 0
|1 0
|2 ddc
|4 0
|6 902_000000000000000_LAN
|7 0
|9 74918
|a BRACUL
|b BRACUL
|c GEN
|d 2024-01-09
|e Complimentary copy from BIED
|l 0
|o 902 LAN
|p 3010042048
|r 2024-01-09
|t 1
|w 2024-01-09
|y BK
|